| 000 | 00427nam a2200157Ia 4500 | ||
|---|---|---|---|
| 008 | 231217s9999 xx 000 0 und d | ||
| 020 | _a8185623228 | ||
| 041 | _aEnglish | ||
| 082 | _a001.6424TUR LAF;32 | ||
| 100 | _aLafore, Robert. | ||
| 245 | 0 | _aObject-oriented programming in turbo C++ | |
| 260 |
_c1991 _bGalgotia _aNew Delhi |
||
| 300 | _axxvi, 739 | ||
| 650 | _aObject-oriented,programming,turbo,C++ | ||
| 942 | _cAA | ||
| 999 |
_c183972 _d183972 |
||